Obálka
Pro půjčování e-knih musíte být přihlášeni.
Jak si půjčit online?

Elita /

Další kniha romantické série. Osudy dívek vybraných pro svéráznou reality show postapokalyptické kastovní budoucnosti lidstva v období po čtvrté světové válce.

Uloženo v:
Série:Selekce, část 2
Hlavní autor: Cass, Kiera, 1981- (Autor)
Další autoři: Montorio Doležalová, Jana (Autor)
Médium: E-audiokniha
Jazyk:Czech
Vydáno: V Praze : CooBoo, 2015
Vydání:1. vydání
Témata:
Příbuzné jednotky:Z cyklu:: Selekce
Tagy:
Žádné tagy
LEADER 05912nam a2201093 i 4500
001 313389
003 CZ PrSKC
005 20260601215741.0
007 ta
008 150601s2015 xr d 000 f cze
015 |a cnb002697227 
020 |a 9788074479533  |q (soubor 1-3) 
020 |a 978-80-7544-178-2  |q (soubor 1-4) 
020 |a 978-80-7544-868-2  |q (soubor 1-5/2019) :  |c Kč 1199,00 
020 |a 978-80-7447-861-1  |q (vázáno) 
035 |a (OCoLC)913564463 
040 |a ABA001  |b cze  |e rda 
041 1 |a cze  |h eng 
072 7 |a 821.111(73)-3  |x Americká próza  |2 Konspekt 
072 7 |a 821-93  |x Literatura pro děti a mládež (beletrie)  |2 Konspekt 
080 |a 821.111(73)-31  |2 MRF 
080 |a 821-93-053.67  |2 MRF 
080 |a 821-93  |2 MRF 
080 |a (0:82-312.5)  |2 MRF 
080 |a (0:82-313.2)  |2 MRF 
100 1 |a Cass, Kiera,  |d 1981-  |7 xx0188989  |4 aut 
240 1 0 |a Elite.  |l Česky 
245 1 0 |a Elita /  |c Kiera Cassová ; přeložila Jana Montorio Doležalová 
250 |a 1. vydání 
264 1 |a V Praze :  |b CooBoo,  |c 2015 
300 |a 278 stran ;  |c 22 cm 
336 |a text  |b txt  |2 rdacontent 
337 |a bez média  |b n  |2 rdamedia 
338 |a svazek  |b nc  |2 rdacarrier 
500 |a Přeloženo z angličtiny 
500 |a Část nákladu distribuována v roce 2015 jako třísvazkový soubor (Selekce, Elita, První) ve společném kartonovém pouzdru se souborným názvem: Trilogie Selekce; ISBN souboru pouze na krabici 
500 |a Část nákladu distribuována v roce 2016 jako čtyřsvazkový soubor (Selekce, Elita, První, Dcera) ve společném kartonovém pouzdru se souborným názvem: Série Selekce; ISBN souboru pouze na krabici 
500 |a Část nákladu distribuována v roce 2019 jako pětisvazkový soubor (Selekce, Elita, První, Dcera, Koruna) ve společném kartonovém pouzdru se souborným názvem: Série Selekce; ISBN souboru pouze na krabici 
520 2 |a Další kniha romantické série. Osudy dívek vybraných pro svéráznou reality show postapokalyptické kastovní budoucnosti lidstva v období po čtvrté světové válce. 
520 2 |a Pohádkově laděný příběh zasazený do post-apo prostředí království Illéa je určený především dívkám a zavede čtenáře do světa, kde jsou lidé rozděleni do kast. Z těch je těžké se povznést a uniknout tak z životního předurčení. Únikem však může být specifická reality show, ve které pětatřicet dívek soupeří o srdce prince Maxona. Do tohoto výběru - Selekce se dostává i svérázná America Singerová, která chce od života víc, nežli jen zaujmout vysoce postaveného mladého muže. America se nakonec dostává mezi nejužší výběr, tzv. Elitu šesti dívek a zůstává v paláci, dokud jedna z nich nebude vybrána. Její srdce je však rozpolcené. Částečně touží po princi Maxonovi, který je jí čím dál bližší, ale lásku cítí i k Aspenovi, palácovému strážci. Když má America pocit, že se konečně rozhodla, dramatické povstání rebelů nutí všechny obrátit pozornost jiným směrem. Naděje na happy-end se tak odkládá. 
655 7 |a americké romány  |7 fd131796  |2 czenas 
655 7 |a milostné romány  |7 fd132840  |2 czenas 
655 7 |a antiutopické romány  |7 fd1151354  |2 czenas 
655 7 |a literatura young adult  |7 fd1185572  |2 czenas 
655 7 |a publikace pro mládež  |7 fd133157  |2 czenas 
655 9 |a American fiction  |2 eczenas 
655 9 |a love novels  |2 eczenas 
655 9 |a dystopian novels  |2 eczenas 
655 9 |a young adult literature  |2 eczenas 
655 9 |a juvenile literature  |2 eczenas 
700 1 |a Montorio Doležalová, Jana  |7 xx0172753  |4 trl 
787 0 8 |i Z cyklu:  |t Selekce  |g 2 
900 |a ABA001  |b 21 
044 |a xr 
505 0 0 |t KAPITOLA 1 (14 min., 31 sek.) 
505 0 0 |t KAPITOLA 2 (9 min., 54 sek.) 
505 0 0 |t KAPITOLA 3 (18 min., 22 sek.) 
505 0 0 |t KAPITOLA 4 (9 min., 23 sek.) 
505 0 0 |t KAPITOLA 5 (20 min., 8 sek.) 
505 0 0 |t KAPITOLA 6 (13 min., 4 sek.) 
505 0 0 |t KAPITOLA 7 (part01) (10 min., 0 sek.) 
505 0 0 |t KAPITOLA 7 (part02) (22 min., 39 sek.) 
505 0 0 |t KAPITOLA 8 (part01) (16 min., 1 sek.) 
505 0 0 |t KAPITOLA 8 (part02) (18 min., 41 sek.) 
505 0 0 |t KAPITOLA 9 (24 min., 17 sek.) 
505 0 0 |t KAPITOLA 10 (14 min., 41 sek.) 
505 0 0 |t KAPITOLA 11 (21 min., 33 sek.) 
505 0 0 |t KAPITOLA 12 (19 min., 19 sek.) 
505 0 0 |t KAPITOLA 13 (13 min., 33 sek.) 
505 0 0 |t KAPITOLA 13 (13 min., 33 sek.) 
505 0 0 |t KAPITOLA 14 (11 min., 13 sek.) 
505 0 0 |t KAPITOLA 15 (21 min., 46 sek.) 
505 0 0 |t KAPITOLA 16 (16 min., 9 sek.) 
505 0 0 |t KAPITOLA 17 (16 min., 23 sek.) 
505 0 0 |t KAPITOLA 18 (4 min., 24 sek.) 
505 0 0 |t KAPITOLA 19 (part01) (18 min., 21 sek.) 
505 0 0 |t KAPITOLA 19 (part02) (8 min., 21 sek.) 
505 0 0 |t KAPITOLA 20 (20 min., 10 sek.) 
505 0 0 |t KAPITOLA 21 (14 min., 27 sek.) 
505 0 0 |t KAPITOLA 22 (13 min., 11 sek.) 
505 0 0 |t KAPITOLA 23 (13 min., 13 sek.) 
505 0 0 |t KAPITOLA 24 (24 min., 9 sek.) 
505 0 0 |t KAPITOLA 25 (14 min., 42 sek.) 
505 0 0 |t KAPITOLA 26 (part01) (17 min., 53 sek.) 
505 0 0 |t KAPITOLA 26 (part02) (16 min., 16 sek.) 
505 0 0 |t KAPITOLA 27 (part01) (15 min., 48 sek.) 
505 0 0 |t KAPITOLA 27 (part02) (13 min., 45 sek.) 
505 0 0 |t KAPITOLA 28 (21 min., 33 sek.) 
505 0 0 |t KAPITOLA 29 (24 min., 9 sek.) 
505 0 0 |t KAPITOLA 30 (18 min., 14 sek.) 
505 0 0 |t KAPITOLA 31 (22 min., 34 sek.) 
910 |a RBIT002 
998 |d 416856  |a https://core.palmknihy.cz/api/books/416856/cover?spsufq  |b https://core.palmknihy.cz/api/books/416856/cover/400?spsufq  |c https://core.palmknihy.cz/api/books/416856/cover/50?spsufq  |e 2028-10-25  |i 9788074478611  |l 35580  |q 49  |r 1  |s https://www.palmknihy.cz/kniha/416856  |t audiobook  |y 2025  |z 0  |v Selekce  |w 2 
999 |d 313387